[Event "POL-chT3 Kujawsko-Pomorskie 2223"]
[Site "Poland"]
[Date "2023.??.??"]
[Round "5.7"]
[White "Pawelczyk, Jan"]
[Black "Szybowicz, Piotr"]
[Result "1-0"]
[WhiteElo "1336"]
[BlackElo "1923"]
[PlyCount "97"]
[EventDate "2022.11.13"]
[EventType "team-swiss"]
[EventRounds "7"]
[EventCountry "POL"]
[SourceTitle "EXT 2024"]
[Source "ChessBase"]
[SourceDate "2023.10.10"]
[SourceVersion "1"]
[SourceVersionDate "2023.10.10"]
[SourceQuality "1"]

1. d4 Nf6 2. c4 e6 3. Nf3 d5 4. g3 Be7 5. Bg2 0-0 6. 0-0 Ne4 7. Nc3 f5 8. Ne5 c6 9. f3 Nxc3 10. bxc3 Nd7 11. Nxd7 Bxd7 12. Qb3 Qb6 13. Bf4 Be8 14. e4 Bf7 15. Qxb6 axb6 16. cxd5 cxd5 17. exf5 exf5 18. Rfb1 Bd8 19. Be5 Be8 20. f4 Bc6 21. a4 Rf7 22. c4 Ra5 23. cxd5 Bxd5 24. Rb5 Rd7 25. Rxa5 bxa5 26. Bxd5+ Rxd5 27. Rb1 b6 28. Kf2 Kf7 29. Ke3 g5 30. fxg5 Bxg5+ 31. Kd3 Bd8 32. Kc4 Ke6 33. Rf1 Rd7 34. Re1 h5 35. Bc7+ Kf6 36. Bxd8+ Rxd8 37. d5 Kg5 38. Re6 h4 39. Rxb6 Rc8+ 40. Rc6 Rb8 41. d6 hxg3 42. hxg3 Kg4 43. d7 Rd8 44. Rg6+ Kf3 45. Rg7 Ke4 46. Re7+ Kf3 47. Kc5 Kxg3 48. Kc6 f4 49. Kc7 1-0